|
|
|
|
| LEADER |
00881nam a2200241 a 4500 |
| 001 |
3961810 |
| 008 |
100525s1997 ii 000 1 eng d |
| 010 |
|
|
|a 94037210
|
| 020 |
|
|
|a 0552996696
|
| 040 |
|
|
|a DLC
|c DLC
|d DLC
|d BD-DhAAL
|
| 082 |
0 |
0 |
|a 813/.54
|2 20
|
| 100 |
1 |
|
|a Divakaruni, Chitra Banerjee,
|d 1956-
|
| 245 |
1 |
0 |
|a Arranged marriage :
|b stories /
|c by Chitra Banerjee Divakaruni.
|
| 260 |
|
|
|a New Delhi :
|b Black Swan,
|c 1997.
|
| 300 |
|
|
|a 307 p. ;
|c 22 cm.
|
| 541 |
1 |
|
|e 00020329
|
| 650 |
|
0 |
|a East Indian Americans
|x Fiction.
|
| 650 |
|
0 |
|a Women immigrants
|x Fiction.
|
| 651 |
|
0 |
|a India
|x Social life and customs
|x Fiction.
|
| 852 |
4 |
|
|a Ayesha Abed Library
|j General shelf
|
| 942 |
0 |
0 |
|0 1
|
| 999 |
|
|
|c 8714
|d 8714
|
| 952 |
|
|
|0 0
|1 0
|2 ddc
|4 0
|6 813_540000000000000_DIV_1997
|7 0
|9 10505
|a BRACUL
|b BRACUL
|c GEN
|d 2010-05-25
|l 19
|m 75
|o 813.54 DIV
|p 3010020329
|r 2025-10-28
|s 2025-10-21
|t 1
|w 2010-05-25
|y BK
|